000 00685nam a2200289Ia 4500
005 20260324121608.0
008 008 260324s9999 xx 000 0 eng d
020 _a9781351296243
037 _aEBOOK
040 _aCRL
040 _beng
040 _cCRL
041 _2eng
041 _aeng
084 _qCRL
100 _aPeter Ian Lomas
_91163121
245 0 _aUnnatural States
245 4 _bThe International System and the Power to Change
260 _bTaylor and Francis
260 _c2014
365 _a
365 _b230
856 _uhttp://www.taylorfrancis.com/books/9781351296243
942 _cEBOOK
999 _c1755338
_d1755338